LEADER 01354nam--2200397---450- 001 990002888860203316 005 20090730095928.0 010 $a88-387-2369-9 035 $a000288886 035 $aUSA01000288886 035 $a(ALEPH)000288886USA01 035 $a000288886 100 $a20070327d2006----km-y0itay50------ba 101 $aita 102 $aIT 105 $aa|||||||001yy 200 1 $a<> infortunio sul lavoro$enormativa e adempimenti nei confronti dell'INAIL$econ rassegna di giurisprudenza commentata e guida alla compilazione della modulistica on-line$fAndrea Rossi 210 $aSantarcangelo di Romagna$cMaggioli$dcopyr. 2006 215 $a178 p.$cill.$d24 cm 225 2 $aProfessionisti & imprese$iLavoro$v40 410 0$12001$aProfessionisti & Imprese$iLavoro$v24 454 1$12001 461 1$1001-------$12001 606 0 $aInfortuni sul lavoro$xLegislazione 676 $a344.45022 700 1$aROSSI,$bAndrea$0292015 801 0$aIT$bsalbc$gISBD 912 $a990002888860203316 951 $aXXV.2.G 91 (IG III 1256)$b51847 G$cXXV.2.G 91 (IG III)$d00125635 959 $aBK 969 $aGIU 979 $aCAPORASO$b90$c20070327$lUSA01$h1200 979 $aRSIAV4$b90$c20090730$lUSA01$h0959 979 $aFIORELLA$b90$c20100716$lUSA01$h1006 996 $aInfortunio sul lavoro$9989849 997 $aUNISA LEADER 01995nas--2200445-n-450 001 990008912190403321 005 20240229084255.0 011 $a1122-1380 035 $a000891219 035 $aFED01000891219 035 $a(Aleph)000891219FED01 035 $a000891219 091 $2CNR$aP 00058766 100 $a20090724a19479999km-y0itaa50------ba 101 0 $aita 102 $aIT 110 $aauu-------- 200 1 $aAtti della Accademia delle Scienze di Torino. Classe di Scienze Morali, Storiche e Filologiche 207 1$a1947- 210 $aTorino$cAccademia delle scienze 430 0$12001$aAtti della Reale Accademia delle scienze di Torino. Classe di scienze morali, storiche e filologiche 517 0 $aActa Academiae Scientiarum Taurinensis 530 0 $aAtti della Accademia delle Scienze di Torino. Classe di Scienze Morali, Storiche e Filologiche 675 $a8 675 $a9 675 $a17 675 $a80 675 $a850 675 $a940 712 02$aAccademia delle scienze di Torino.$bClasse di scienze morali, storiche e filologiche 801 0$aIT$bACNP$c20090723 859 4 $uhttp://acnp.cib.unibo.it/cgi-ser/start/it/cnr/dc-p1.tcl?catno=40116&person=false&language=ITALIANO&libr=&libr_th=unina1$zBiblioteche che possiedono il periodico 901 $aSE 912 $a990008912190403321 958 $aBRAU. Biblioteca di Ricerca di Area Umanistica$b1981-1985;1988;1990-1997;1999-2000;$c1981;1990;1992;$ePR 252 ITALIA$fFLFBC 959 $aFLFBC 996 $aAtti della Accademia delle Scienze di Torino. Classe di Scienze Morali, Storiche e Filologiche$9799994 997 $aUNINA AP1 8 $6866-01$aNA072 BRAU. Biblioteca di Ricerca di Area Umanistica$bPR 252 ITALIA$ePiazza Bellini 56/60, 80133 Napoli (NA)$m(081) 2533948$nit AP2 40$aacnp.cib.unibo.it$nACNP Italian Union Catalogue of Serials$uhttp://acnp.cib.unibo.it/cgi-ser/start/it/cnr/df-p.tcl?catno=40116&language=ITALIANO&libr=&person=&B=1&libr_th=unina&proposto=NO